| 000 | 01159cam a2200337Mi 4500 | ||
|---|---|---|---|
| 001 | 59695 | ||
| 005 | 20230410123647.0 | ||
| 008 | 040326s2004 sp 000 0 spa d | ||
| 035 | _a(OCoLC)ocm54835370 | ||
| 040 |
_aPL# _bspa _cPL# |
||
| 020 | _a849768110X | ||
| 020 | _a9788497681100 | ||
| 029 | 0 |
_aPL# _b849768110X |
|
| 035 | _a(OCoLC)54835370 | ||
| 050 | 1 | 4 |
_aKKT 920 _bC977 2004 |
| 245 | 1 | 0 |
_aCurso práctico de derecho de la empresa / _cJuan Bataller Grau, coordinador, Javier Plaza Penades, Consuelo Alcover Navasquillo. |
| 260 |
_aMadrid : _bMarcial Pons, _c2004. |
||
| 300 |
_a369 p. : _bil. ; _c24 cm. |
||
| 440 | 0 | _aManuales universitarios / Marcial Pons | |
| 650 | 0 |
_aCommercial law _zSpain. |
|
| 650 | 4 |
_aDerecho comercial _zEspaña. |
|
| 653 |
_aDerecho mercantil _zEspaña. |
||
| 700 | 1 |
_aBataller Grau, Juan, _ecoord. |
|
| 700 | 1 |
_aPlaza Penades, Javier, _eaut. |
|
| 700 | 1 |
_aAlcover Navasquillo, Consuelo, _eaut. |
|
| 938 |
_aPuvill Libros _bPUVL _n849768110X _c$46.00 |
||
| 856 | 4 | 2 |
_3Mas?... busque en WorldCat (solo desde FUNGLODE) _uwww.firstsearch.oclc.org/fsip |
| 942 |
_2lcc _cbk |
||
| 946 | _amfcruz | ||
| 994 |
_aC0 _bDRFGD |
||
| 999 |
_c65782 _d65782 |
||